| 000 | 00580cam a22002051 4500 | ||
|---|---|---|---|
| 001 | he 68002030 | ||
| 003 | DLC | ||
| 005 | 20260227111500.0 | ||
| 008 | 840406s1966 is j 000 0 heb | ||
| 010 | _ahe 68002030 | ||
| 035 | _a(OCoLC)19151902 | ||
| 040 |
_aDLC _cMH _dDLC |
||
| 042 | _apremarc | ||
| 050 | 0 | 0 |
_aPZ90.H3 _bO374 |
| 100 | 1 | _aOfek, Uriel. | |
| 245 | 1 | 3 |
_aha-Yom ha-shemesh meḥayekhet : _bshirim li-yeladim / _cha-tsiyurim: Ḥanah Adolfi. |
| 260 |
_aTel Aviv : _bY. Ts'ets'iḳ, _c726 [1966] |
||
| 300 |
_a64 p. : _bill. ; _c25 cm. |
||
| 752 |
_aIsrael _dTel Aviv |
||
| 999 |
_c33482 _d33482 |
||